Cognitive science and its applications for human-computer interaction
Αποθηκεύτηκε σε:
| Άλλοι συγγραφείς: | |
|---|---|
| Μορφή: | Βιβλίο |
| Γλώσσα: | English |
| Δημοσίευση: |
Hillsdale, New Jersey :
Lawrence Erlbaum Associates,
1988
|
| Θέματα: | |
| Ετικέτες: |
Προσθήκη ετικέτας
Δεν υπάρχουν, Καταχωρήστε ετικέτα πρώτοι!
|
MARC
| LEADER | 00000nam a2200000 i 4500 | ||
|---|---|---|---|
| 001 | 1/69444 | ||
| 008 | 990210s1988 eng d | ||
| 020 | |a 0-89859-884-2 | ||
| 035 | |l 10047838 | ||
| 040 | |a GR-MY-UA |b gre |e aacr | ||
| 041 | 0 | |a eng | |
| 082 | 0 | |a 004.33 | |
| 245 | 1 | 0 | |a Cognitive science and its applications for human-computer interaction / |c edited by Raymonde Guindon |
| 260 | |a Hillsdale, New Jersey : |b Lawrence Erlbaum Associates, |c 1988 | ||
| 300 | |a xiv, 345 p.; |b ill.; |c 24 cm. | ||
| 500 | |a Includes bibliographies and indexes | ||
| 650 | 0 | 0 | |a Interactive computer systems. |
| 650 | 0 | 0 | |a System design. |
| 650 | 0 | 0 | |a Cognition. |
| 700 | 1 | |a Guindon, Raymonde. |4 edt | |
| 852 | |a INST |b SAMOS |e 19990210 |h 004.33 COG |p 005300013343 |q 005300013343 |t BK |y 0 | ||
| 901 | |a BIBL-1999-1 | ||
| 909 | |a Σ |b 062991 | ||
| 922 | |a 3ΕΛΗ |b 199901 |c ΕΠΕΑΕΚ/ΜΑΘ |d LEADER | ||